000 06557cam a22019814i 4500
003 PE-LiUPU
005 20250813165925.0
008 150706s2012 sp a rb 000 0 spa d
020 _a9788415419488
035 _a(Sirsi) i9788415419488
040 _aPE-LiUPU
_bspa
_cPE-LiUPU
_erda
049 _aPRUA
082 0 4 _a610.7368
_bV61
_221
082 0 4 _a616.89
_bV63 2012
100 1 _aVidebeck, Sheila L.,
_eautor.
245 1 0 _aEnfermería psiquiátrica /
_cSheila L. Videbeck ; ilustraciones de Cathy J. Miller ; [traducción, Juan Manuel Martín Arias.].
250 _a5a edición.
264 1 _aBarcelona :
_bWolters Kluwer Health,
_c2012
300 _axi, 526 páginas :
_bilustraciones ;
_c27 centímetros.
336 _atext
_2rdacontent
337 _aunmediated
_2rdamedia
338 _avolume
_2rdacarrier
504 _aIncluye referencias bibliográficas.
505 0 _aTeorías y prácticas actuales en enfermería psiquiátrica -- Bases de la enfermería en psiquiatría y salud mental -- Teorías neurobiológicas y psicofarmacología -- Teorías y terapias psicosociales -- Contextos asistenciales y programas de tratamiento -- Construcción de la relación enfermería-paciente -- La relación terapéutica -- La comunicación terapéutica -- Actitud del paciente ante el trastorno mental -- Evaluación -- Temas psicosociales de interés en la actualidad -- Aspectos éticos y legales -- Ira, hostilidad y agresividad -- Malos tratos y violencia -- Pérdida y duelo -- Práctica de la enfermería en la atención a los trastornos mentales -- Ansiedad, trastornos de ansiedad y enfermedades relacionadas con el estrés -- Esquizofrenia -- Trastornos del estado de ánimo -- Trastornos de la personalidad -- Trastornos relacionados con sustancias -- Trastornos de la conducta alimentaria -- Trastornos somatomorfos -- Trastornos de la infancia y de la adolescencia -- Trastornos cognitivos.
526 _aP203
526 _aP200
526 _aSEG65
526 _aSEG64
526 _aSEG63
526 _aSEG62
526 _aSEG61
526 _aSEG60
526 _aSEG59
526 _aSEG58
526 _aSEG57
526 _aSEG56
526 _aSEG55
526 _aSEG54
526 _aSEG53
526 _aSEG52
526 _aSEG51
526 _aSEG50
526 _aSEG49
526 _aSEG48
526 _aSEG47
526 _aSEG46
526 _aSEG24
526 _aSEG23
526 _aSEG22
526 _aSEG21
526 _aSEG20
526 _aSEG19
526 _aSEG18
526 _aSEG17
526 _aSEG16
526 _aSEG14
526 _aSEG13
526 _aSEG12
526 _aSEG11
526 _aSEG10
526 _aSEG09
526 _aSEG06
526 _aSEG05
526 _aSEG04
526 _aSEG03
526 _aSEG02
526 _aSEG68
526 _aSEG66
526 _aSEG45
526 _aSEG25
526 _aSEG01
526 _aP163
526 _aP162
526 _aP161
526 _aP160
526 _aP159
526 _aP158
526 _aP157
526 _aP156
526 _aP155
526 _aP154
526 _aP153
526 _aP152
526 _aP151
526 _aP150
526 _aP149
526 _aP142
526 _aP141
526 _aP140
526 _aP139
526 _aP138
526 _aP137
526 _aP132
526 _aP131
526 _aP130
526 _aP126
526 _aP125
526 _aP124
526 _aP123
526 _aP115
526 _aP122
526 _aP121
526 _aP116
526 _a P114
526 _aP112
526 _aP111
526 _aP104
526 _aP103
526 _aP102
526 _aP101
526 _aP100
526 _aP96
526 _aP95
526 _aP93
526 _aP92
526 _aP91
526 _aP88
526 _aP83
526 _aP82
526 _aP79
526 _aP78
526 _aP75
526 _aP74
526 _aP71
526 _aP69
526 _a P51
526 _aP49
526 _aP48
526 _aP47
526 _aP33
526 _aP31
526 _a P30
526 _aP29
526 _aP27
526 _aP26
526 _aP25
526 _aP24
526 _a P22
526 _aP10
526 _aP09
526 _a P08
526 _aP06
526 _aP05
526 _aP04
526 _aP01
541 _g001-000111;
541 _g001-000111;
541 _g001-000111;
541 _g015-0016119;
650 0 4 _aEnfermería psiquiátrica
_vManuales.
650 0 4 _aSalud mental
_vManuales.
700 1 _aMartín Arias, Juan Manuel,
_etr.
700 1 _aMiller, Cathy J.,
_eil.
910 _agl
_cng
_d20130625
910 _btqv
_cwelc
_d20170405
942 _2ddc
_cBOOK
949 _a610.7368 V61
_wDEWEY
_c1
_i67702
_lCCODEBUL1
_mBUL
_p65.00
_r0
_sY
_tBOOK
_u2015-7-6
_xSALUD
_PP22
_o.STAFF. Colección General
949 _a610.7368 V61
_wDEWEY
_c3
_i67703
_lCCODEBUL1
_mBUL
_p65.00
_r0
_sY
_tBOOK
_u2015-7-6
_xSALUD
_PP22
_o.STAFF. Colección General
949 _a610.7368 V61
_wDEWEY
_c4
_i69000
_lCCODEBUL1
_mBUL
_p93.00
_r0
_sY
_tBOOK
_u2015-7-6
_xSALUD
_PP22
_o.STAFF. Colección General
949 _a616.89 V63 2012
_wDEWEY
_c1
_iFJ07524
_lCCODEBUJ1
_mBUJ
_p81.70
_r0
_sY
_tBOOK
_u2017-04-05
_xSALUD
_PP22
_0COMPRA
_o.STAFF. Colección General Juliaca
994 _aC0
_bPEPRU
596 _a1 3
999 _a610.7368 V61
_wDEWEY
_c55283
_i67702
_d55283
_e2018-10-28
_f2021-11-3
_g5
_lCCODEBUL1
_mBUL
_n11
_p65.00
_q1
_r0
_sY
_tBOOK
_u2015-7-6
_xSALUD
_PP22
_0COMPRA
_o.STAFF. Colección Ciencias de la Salud
999 _a610.7368 V61
_wDEWEY
_c3
_i67703
_d2018-10-28
_e2018-10-22
_f2021-11-3
_g5
_lCCODEBUL1
_mBUL
_n5
_p65.00
_r0
_sY
_tBOOK
_u2015-7-6
_xSALUD
_PP22
_0COMPRA
_o.STAFF. Colección Ciencias de la Salud
999 _a610.7368 V61
_wDEWEY
_c4
_i69000
_d2019-10-1
_e2019-10-1
_f2021-11-3
_g4
_lCCODEBUL1
_mBUL
_n11
_p93.00
_q3
_r0
_sY
_tBOOK
_u2015-7-6
_xSALUD
_PP22
_0COMPRA
_o.STAFF. Colección Ciencias de la Salud
999 _a616.89 V63 2012
_wDEWEY
_c1
_iFJ07524
_d2019-4-17
_f2022-1-25
_g4
_lCCODEBUJ1
_mBUJ
_p81.70
_q2
_r0
_sY
_tBOOK
_u2015-9-17
_xSALUD
_PP22
_0COMPRA
_o.STAFF. Colección General Juliaca
980 _81
_gALBERTO SANCHEZ Responsable de Automatización